| 000 | 00902nam a22002777a 4500 | ||
|---|---|---|---|
| 003 | EG-ScBUE | ||
| 005 | 20211201093307.0 | ||
| 008 | 200219t2021 ua o f b 000 0 eng d | ||
| 020 | _a9789774906145 | ||
| 040 |
_aEG-ScBUE _beng _erda _cEG-ScBUE _dEG-ScBUE |
||
| 082 | 0 | 4 |
_a658.422 _bNAS _222 |
| 100 | 1 |
_aNasr, Abdalla, _eauthor. _934465 |
|
| 245 | 1 | 4 |
_aThe corporate : _bthe art of thriving in a competitive talent market / _cAbdalla Nasr. |
| 264 | 1 |
_aCairo : _bElain Publishing, _c[2021] |
|
| 264 | 4 | _cc2021 | |
| 300 |
_a191 pages : _bphotographs ; _c24 cm |
||
| 336 |
_2rdacontent _atext _btxt |
||
| 337 |
_2rdamedia _aunmediated _bn |
||
| 338 |
_2rdacarrier _avolume _bnc |
||
| 504 | _aIncludes bibliographical references. | ||
| 650 | 7 |
_aCorporations _xFinance. _2BUEsh |
|
| 653 |
_bBUSADM _cNovember2021 |
||
| 655 |
_vReading book _934232 |
||
| 942 |
_2ddc _cBB |
||
| 999 |
_c29677 _d29648 |
||